[Event "Bundesliga B Mitte 2008/2009"]
[Site "Fuerstenfeld"]
[Date "2009.03.27"]
[Round "9"]
[Board "6"]
[White "Arztmann, Wolfgang"]
[Black "Sachsenhofer, Michael"]
[Result "0-1"]
[WhiteElo "2122"]
[BlackElo "2113"]
[PlyCount "80"]
[EventDate "2008.10.11"]
[EventType "team"]
[EventRounds "11"]
[EventCountry "AUT"]
[WhiteTeam "SV Raika Rapid Feffernitz"]
[BlackTeam "SK Leoben"]

1.Nf3 c6 2.g3 d5 3.Bg2 Nf6 4.O-O Bf5 5.d3 e6 6.Nbd2 Be7 7.Qe1 O-O 8.e4 dxe4
9.dxe4 Bg6 10.Ne5 Nbd7 11.Nxg6 hxg6 12.Kh1 Qa5 13.Qe2 Rad8 14.f4 Nb6 15.e5 Nfd5
16.Ne4 Qb4 17.Re1 Rd7 18.a3 Qb5 19.Bf1 Qxe2 20.Bxe2 f5 21.exf6 gxf6 22.c4 Nc7
23.Be3 Rfd8 24.b4 Na4 25.Red1 f5 26.Rxd7 Rxd7 27.Rd1 Rxd1+ 28.Bxd1 Nb2 29.Nf2
Nxc4 30.Bxa7 Nxa3 31.Nd3 Nc4 32.Bb3 b5 33.Bd4 Na6 34.Bc3 c5 35.bxc5 Nxc5 36.Bb4
Nxd3 37.Bxe7 Kf7 38.Bd8 Nc1 39.Bxc4 bxc4 40.Kg2 c3

[Event "Bundesliga B Mitte 2008/2009"]
[Site "Fuerstenfeld"]
[Date "2009.03.27"]
[Round "9"]
[Board "1"]
[White "Kozul, Zdenko"]
[Black "Diermair, Andreas"]
[Result "1/2-1/2"]
[WhiteElo "2594"]
[BlackElo "2365"]
[PlyCount "92"]
[EventDate "2008.10.11"]
[EventType "team"]
[EventRounds "11"]
[EventCountry "AUT"]
[WhiteTeam "ZH- Technologies Wolfsberg"]
[BlackTeam "Kl. Zeitung MPOE Maria Saal"]

1.Nf3 Nf6 2.g3 d5 3.Bg2 c6 4.O-O Bg4 5.d3 Nbd7 6.Nbd2 e5 7.e4 dxe4 8.dxe4 Bc5
9.h3 Bh5 10.Qe1 O-O 11.Nb3 Bxf3 12.Bxf3 Bb6 13.a4 a5 14.Nd2 Nc5 15.Nc4 Bc7
16.Qe2 Ne6 17.c3 Nc5 18.Rd1 Qe7 19.Ra3 Rfd8 20.Rxd8+ Rxd8 21.Kg2 Qe6 22.Bg5 h6
23.Bg4 Qe7 24.Bxf6 Qxf6 25.b4 axb4 26.cxb4 Na6 27.b5 cxb5 28.axb5 Nc5 29.Rf3 Qe7
30.b6 Bb8 31.Qc2 g6 32.h4 h5 33.Bh3 Rd4 34.Re3 Kg7 35.Kh2 Qf6 36.f3 Qc6 37.Bf1
Na4 38.Rb3 Bd6 39.Rb1 Be7 40.Qb3 Nc5 41.Qa2 Qe6 42.Qc2 Nd7 43.Rb2 Bc5 44.Ne3 Bb4
45.Qc8 Nxb6 46.Qxb7 Rd2+

[Event "Bundesliga B Mitte 2008/2009"]
[Site "Fuerstenfeld"]
[Date "2009.03.27"]
[Round "9"]
[Board "2"]
[White "Kreisl, Robert"]
[Black "Stevic, Hrvoje"]
[Result "0-1"]
[WhiteElo "2394"]
[BlackElo "2592"]
[PlyCount "170"]
[EventDate "2008.10.11"]
[EventType "team"]
[EventRounds "11"]
[EventCountry "AUT"]
[WhiteTeam "Kl. Zeitung MPOE Maria Saal"]
[BlackTeam "ZH- Technologies Wolfsberg"]

1.e4 e5 2.Nf3 Nc6 3.Bb5 a6 4.Ba4 Nf6 5.O-O Be7 6.Re1 b5 7.Bb3 d6 8.c3 O-O 9.h3
Na5 10.Bc2 d5 11.d4 Nxe4 12.Nxe5 f6 13.Nd3 Bd6 14.Nd2 f5 15.Qf3 Qh4 16.Nb3 Nc4
17.Bf4 g5 18.Bxd6 cxd6 19.Bd1 a5 20.a4 bxa4 21.Rxa4 Bd7 22.Ra1 Rfb8 23.Qe2 Bb5
24.Qf3 Bd7 25.Qe2 Re8 26.Qf3 f4 27.Nbc1 Nf6 28.Rxe8+ Rxe8 29.Ba4 Bxa4 30.Rxa4
Re4 31.b3 g4 32.Qd1 gxh3 33.Qf3 h2+ 34.Kh1 Ng4 35.Ra2 Nb6 36.Re2 Nf6 37.Rxe4
Nxe4 38.Ne2 Nd2 39.Qxf4 Qxf4 40.Ndxf4 Nxb3 41.Nd3 a4 42.Nec1 Nxc1 43.Nxc1 Kf7
44.Kxh2 Kg6 45.g4 Nd7 46.Kg3 Nf6 47.f3 a3 48.Kf4 Ne8 49.Na2 Nc7 50.Kg3 Ne6 51.f4
Nc7 52.Kh4 Na8 53.f5+ Kf6 54.Kh5 Nb6 55.Nb4 Na4 56.Nxd5+ Kf7 57.Nb4 Nxc3 58.g5
a2 59.Nc2 Kg7 60.Na1 Ne2 61.Kg4 Nxd4 62.Kf4 Ne2+ 63.Ke4 Ng3+ 64.Kf4 Nh5+ 65.Ke4
Kf8 66.Kd5 Ke7 67.Ke4 Nf6+ 68.Kd4 Nh5 69.Ke4 Kd7 70.Nc2 Ke7 71.Na1 Ke8 72.Kd5
Ng3 73.g6 h6 74.f6 Nh5 75.Ke6 Kf8 76.Nb3 Nxf6 77.Kxf6 Kg8 78.Ke6 Kg7 79.Kxd6
Kxg6 80.Ke5 h5 81.Kf4 Kf6 82.Na1 Ke6 83.Kg5 Kd5 84.Kxh5 Kc4 85.Kg4 Kc3

[Event "Bundesliga B Mitte 2008/2009"]
[Site "Fuerstenfeld"]
[Date "2009.03.27"]
[Round "9"]
[Board "3"]
[White "Jovanovic, Zoran"]
[Black "Eichert, Wolfgang"]
[Result "1-0"]
[WhiteElo "2558"]
[BlackElo "2135"]
[PlyCount "61"]
[EventDate "2008.10.11"]
[EventType "team"]
[EventRounds "11"]
[EventCountry "AUT"]
[WhiteTeam "ZH- Technologies Wolfsberg"]
[BlackTeam "Kl. Zeitung MPOE Maria Saal"]

1.e4 c5 2.Nc3 Nc6 3.f4 g6 4.Nf3 Bg7 5.Bb5 e6 6.Bxc6 bxc6 7.O-O Ne7 8.d3 O-O
9.Qe1 c4 10.d4 d5 11.e5 Rb8 12.Na4 Ba6 13.Rf2 Re8 14.b3 Nf5 15.Ba3 Bb5 16.Nc5 a5
17.Qc3 Ra8 18.g4 Nh4 19.Nb7 Nxf3+ 20.Qxf3 Qc7 21.Nd6 Red8 22.f5 cxb3 23.f6 Bf8
24.Qh3 Kh8 25.axb3 a4 26.c4 Ba6 27.bxa4 Bxc4 28.Nxc4 dxc4 29.Bxf8 Rxf8 30.Qh6
Rg8 31.Rf3

[Event "Bundesliga B Mitte 2008/2009"]
[Site "Fuerstenfeld"]
[Date "2009.03.27"]
[Round "9"]
[Board "4"]
[White "Horvath, Gabor"]
[Black "Kaspret, Guido"]
[Result "1-0"]
[WhiteElo "2277"]
[BlackElo "2338"]
[PlyCount "59"]
[EventDate "2008.10.11"]
[EventType "team"]
[EventRounds "11"]
[EventCountry "AUT"]
[WhiteTeam "Kl. Zeitung MPOE Maria Saal"]
[BlackTeam "ZH- Technologies Wolfsberg"]

1.Nf3 c5 2.e4 d6 3.d3 Nc6 4.g3 e5 5.Bg2 Be7 6.c3 g5 7.h3 h6 8.d4 cxd4 9.cxd4 g4
10.hxg4 Bxg4 11.d5 Nd4 12.Be3 Qb6 13.Nbd2 Qxb2 14.Bxd4 exd4 15.O-O Qb5 16.Rb1
Qd7 17.Nc4 Nf6 18.Qxd4 b5 19.Na5 Bxf3 20.Bxf3 Rg8 21.Nc6 Qh3 22.e5 Ng4 23.Rfe1
Nxf2 24.Qxf2 Rxg3+ 25.Bg2 Bh4 26.exd6+ Kf8 27.d7 Rg7 28.Re8+ Rxe8 29.Qc5+ Be7
30.dxe8=Q+

[Event "Bundesliga B Mitte 2008/2009"]
[Site "Fuerstenfeld"]
[Date "2009.03.27"]
[Round "9"]
[Board "5"]
[White "Wegerer, Fred"]
[Black "Reschun, Sascha"]
[Result "1/2-1/2"]
[WhiteElo "2239"]
[BlackElo "2246"]
[PlyCount "116"]
[EventDate "2008.10.11"]
[EventType "team"]
[EventRounds "11"]
[EventCountry "AUT"]
[WhiteTeam "ZH- Technologies Wolfsberg"]
[BlackTeam "Kl. Zeitung MPOE Maria Saal"]

1.Nf3 c5 2.e3 d6 3.d4 cxd4 4.exd4 Nf6 5.Bd3 g6 6.Bg5 Bg7 7.Nbd2 Nc6 8.c3 h6
9.Bxf6 Bxf6 10.Qb3 a6 11.a4 d5 12.O-O O-O 13.Rfe1 Qd6 14.a5 Kg7 15.h3 g5 16.Nf1
h5 17.Ne3 Rd8 18.Ra4 Kf8 19.Bf5 e6 20.Bb1 Kg7 21.Qd1 Rh8 22.Qd2 Qd8 23.Ne5 Bd7
24.Ra3 Nxe5 25.dxe5 Be7 26.Ra2 Qc7 27.Nc2 Rag8 28.Nd4 Kf8 29.g3 Bc5 30.Bd3 Be7
31.b4 Kg7 32.Rc2 Rc8 33.f4 gxf4 34.Qxf4 Rcg8 35.Rf1 Be8 36.c4 Qd8 37.c5 Bg5
38.Qf3 h4 39.Rg2 Qe7 40.g4 Rh6 41.Qe2 Bd7 42.Rgf2 Be8 43.Kh1 Kh8 44.Rf3 Qc7
45.Qe1 Bd8 46.Rf6 Kg7 47.g5 Rh5 48.g6 Rxe5 49.Rxf7+ Bxf7 50.Rxf7+ Qxf7 51.Qxe5+
Qf6 52.Nxe6+ Kh6 53.Qe3+ Kh5 54.Nf4+ Kh6 55.Ne6+ Kh5 56.Qe2+ Kh6 57.Qd2+ Kh5
58.Qe2+ Kh6

[Event "Bundesliga B Mitte 2008/2009"]
[Site "Fuerstenfeld"]
[Date "2009.03.27"]
[Round "9"]
[Board "6"]
[White "Hartl, Daniel"]
[Black "Waldmann, Gerald"]
[Result "1-0"]
[WhiteElo "2188"]
[BlackElo "2188"]
[PlyCount "89"]
[EventDate "2008.10.11"]
[EventType "team"]
[EventRounds "11"]
[EventCountry "AUT"]
[WhiteTeam "Kl. Zeitung MPOE Maria Saal"]
[BlackTeam "ZH- Technologies Wolfsberg"]

1.d4 d5 2.Nf3 Nf6 3.g3 c5 4.c3 Nc6 5.dxc5 a5 6.Bf4 Ne4 7.Nbd2 Nxc5 8.Qc2 g6 9.e4
Nxe4 10.Nxe4 dxe4 11.Ne5 Bg7 12.Rd1 Qb6 13.Nc4 Qc5 14.Qxe4 Bf5 15.Qe2 O-O 16.Bg2
Rad8 17.O-O Be6 18.Nd2 Bxa2 19.Ra1 Bd5 20.Be3 Qd6 21.Nc4 Qe6 22.Bxd5 Rxd5 23.Nb6
Rh5 24.Rfe1 Ne5 25.f3 Qh3 26.Rf1 Rd8 27.g4 Nxg4 28.fxg4 Re5 29.Nc4 Re4 30.Rf4
Re6 31.Qf3 Qh4 32.Bf2 Qg5 33.Rxa5 f5 34.h4 Qf6 35.gxf5 gxf5 36.Raxf5 Qh6 37.Ne3
Rg6+ 38.Rg4 Bf6 39.Rxg6+ hxg6 40.Rd5 Rf8 41.Qg4 Kf7 42.Rd7 Rh8 43.Rxb7 Qf8
44.Nd5 Qa8 45.Qb4

[Event "Bundesliga B Mitte 2008/2009"]
[Site "Fuerstenfeld"]
[Date "2009.03.28"]
[Round "10"]
[Board "2"]
[White "Kreisl, Robert"]
[Black "Schenk, Andreas"]
[Result "1/2-1/2"]
[WhiteElo "2394"]
[BlackElo "2507"]
[PlyCount "75"]
[EventDate "2008.10.11"]
[EventType "team"]
[EventRounds "11"]
[EventCountry "AUT"]
[WhiteTeam "Kl. Zeitung MPOE Maria Saal"]
[BlackTeam "Schachklub Sparkasse Fuerstenfeld"]

1.e4 c5 2.Nf3 d6 3.d4 cxd4 4.Nxd4 Nf6 5.Nc3 a6 6.Be2 e6 7.O-O Be7 8.f4 O-O 9.Kh1
Qc7 10.a4 Nc6 11.Be3 Re8 12.Bf3 Rb8 13.Qd2 Bf8 14.Qf2 e5 15.Nde2 b5 16.axb5 axb5
17.f5 Nb4 18.Bg5 Be7 19.Ng3 Kh8 20.Bxf6 gxf6 21.Rfd1 Bd7 22.Nf1 Bf8 23.Qd2 Rec8
24.Ne3 Bh6 25.Qxd6 Qxd6 26.Rxd6 Bxe3 27.Rxd7 Nxc2 28.Ra6 Kg7 29.Nd5 Ra8 30.Rxa8
Rxa8 31.Nxe3 Nxe3 32.h4 Ra1+ 33.Kh2 Rb1 34.Bh5 Kh6 35.Bf3 Kg7 36.Bh5 Kh6 37.Bf3
Kg7 38.Bh5

[Event "Bundesliga B Mitte 2008/2009"]
[Site "Fuerstenfeld"]
[Date "2009.03.28"]
[Round "10"]
[Board "3"]
[White "Kuba, Guenter"]
[Black "Eichert, Wolfgang"]
[Result "1-0"]
[WhiteElo "2397"]
[BlackElo "2135"]
[PlyCount "79"]
[EventDate "2008.10.11"]
[EventType "team"]
[EventRounds "11"]
[EventCountry "AUT"]
[WhiteTeam "Schachklub Sparkasse Fuerstenfeld"]
[BlackTeam "Kl. Zeitung MPOE Maria Saal"]

1.e4 c5 2.Nf3 Nc6 3.Bb5 g6 4.Bxc6 dxc6 5.d3 Bg7 6.h3 Nf6 7.Nc3 O-O 8.Be3 b6
9.Qd2 Re8 10.O-O e5 11.a3 Qd6 12.b4 cxb4 13.axb4 Qxb4 14.Rfb1 Qe7 15.Rxb6 axb6
16.Rxa8 Qb7 17.Ra1 Bd7 18.Rb1 b5 19.Na4 Qc7 20.Nc5 Ra8 21.Qc3 Nh5 22.Nxd7 Qxd7
23.Nxe5 Qe8 24.d4 Bxe5 25.dxe5 Ra4 26.Qd3 Ng7 27.f4 g5 28.f5 Qxe5 29.Qd8+ Ne8
30.Qxg5+ Kh8 31.Qh6 Ng7 32.Rd1 Ra1 33.Bc1 Ra8 34.Qxc6 Re8 35.f6 Nh5 36.Bb2 Qb8
37.e5 h6 38.Qf3 Rxe5 39.Bxe5 Qxe5 40.Rd8+

[Event "Bundesliga B Mitte 2008/2009"]
[Site "Fuerstenfeld"]
[Date "2009.03.28"]
[Round "10"]
[Board "4"]
[White "Horvath, Gabor"]
[Black "Kilgus, Georg"]
[Result "0-1"]
[WhiteElo "2277"]
[BlackElo "2349"]
[PlyCount "56"]
[EventDate "2008.10.11"]
[EventType "team"]
[EventRounds "11"]
[EventCountry "AUT"]
[WhiteTeam "Kl. Zeitung MPOE Maria Saal"]
[BlackTeam "Schachklub Sparkasse Fuerstenfeld"]

1.e4 c5 2.Nc3 Nc6 3.f4 e6 4.Nf3 d5 5.Bb5 Nge7 6.Qe2 d4 7.Nd1 a6 8.Bxc6+ Nxc6
9.O-O Be7 10.Nf2 O-O 11.g4 Bd7 12.d3 f6 13.Bd2 Rc8 14.Kh1 e5 15.f5 c4 16.g5 cxd3
17.cxd3 Be8 18.Rg1 Bh5 19.g6 hxg6 20.Rxg6 Bb4 21.Ng4 Bxd2 22.Qxd2 Bxg6 23.fxg6
f5 24.Ngxe5 fxe4 25.dxe4 Nxe5 26.Nxe5 Qh4 27.Qd3 Rf2 28.Nf3 Qg4

[Event "Bundesliga B Mitte 2008/2009"]
[Site "Fuerstenfeld"]
[Date "2009.03.28"]
[Round "10"]
[Board "5"]
[White "Poetz, Florian"]
[Black "Reschun, Sascha"]
[Result "1-0"]
[WhiteElo "2227"]
[BlackElo "2246"]
[PlyCount "79"]
[EventDate "2008.10.11"]
[EventType "team"]
[EventRounds "11"]
[EventCountry "AUT"]
[WhiteTeam "Schachklub Sparkasse Fuerstenfeld"]
[BlackTeam "Kl. Zeitung MPOE Maria Saal"]

1.e4 e6 2.d4 d5 3.Nc3 h6 4.a3 dxe4 5.Nxe4 Bd7 6.Nf3 Bc6 7.Bd3 Nf6 8.Ng3 Bd6
9.O-O Nbd7 10.c4 Bxf3 11.Qxf3 c6 12.b3 O-O 13.Bb2 Qa5 14.Rfe1 Qg5 15.Bc2 Rfe8
16.h3 Rad8 17.Re2 Nf8 18.Bc1 Qh4 19.Ne4 Be7 20.Bb2 N8h7 21.Nc5 Ng5 22.Qe3 b6
23.Nd3 Nd7 24.f4 Nh7 25.Nb4 Nb8 26.g3 Qxh3 27.Rh2 Qg4 28.Nd3 e5 29.Nxe5 Qe6
30.Re1 Nf8 31.Rhe2 Bf6 32.Qf3 Bxe5 33.dxe5 Qc8 34.f5 c5 35.Qg4 Re7 36.e6 fxe6
37.f6 Rb7 38.fxg7 Nh7 39.Bxh7+ Kxh7 40.Rxe6

[Event "Bundesliga B Mitte 2008/2009"]
[Site "Fuerstenfeld"]
[Date "2009.03.28"]
[Round "10"]
[Board "6"]
[White "Hartl, Daniel"]
[Black "Radnetter, Georg"]
[Result "1-0"]
[WhiteElo "2188"]
[BlackElo "2189"]
[PlyCount "61"]
[EventDate "2008.10.11"]
[EventType "team"]
[EventRounds "11"]
[EventCountry "AUT"]
[WhiteTeam "Kl. Zeitung MPOE Maria Saal"]
[BlackTeam "Schachklub Sparkasse Fuerstenfeld"]

1.e4 c5 2.Nf3 e6 3.d4 cxd4 4.Nxd4 a6 5.Bd3 Bc5 6.Nb3 Ba7 7.Qg4 Nf6 8.Qg3 d6 9.e5
dxe5 10.Nc3 Nc6 11.Bg5 Bb8 12.Bh4 Kf8 13.Qh3 Bd6 14.O-O-O Be7 15.Rhe1 Nd5
16.Bxe7+ Qxe7 17.Be4 Nf4 18.Qe3 Bd7 19.Nc5 Be8 20.g3 Ng6 21.h4 Qf6 22.Nxb7 Rb8
23.Nc5 a5 24.Na6 Rc8 25.Nb5 Nb4 26.Nd6 Rd8 27.Nxb4 axb4 28.Qc5 Ne7 29.Qc7 Nf5
30.Nxe8 Rxe8 31.Bc6

[Event "Bundesliga B Mitte 2008/2009"]
[Site "Fuerstenfeld"]
[Date "2009.03.28"]
[Round "10"]
[Board "2"]
[White "Stevic, Hrvoje"]
[Black "Sebenik, Matej"]
[Result "1-0"]
[WhiteElo "2592"]
[BlackElo "2482"]
[PlyCount "41"]
[EventDate "2008.10.11"]
[EventType "team"]
[EventRounds "11"]
[EventCountry "AUT"]
[WhiteTeam "ZH- Technologies Wolfsberg"]
[BlackTeam "SV Raika Rapid Feffernitz"]

1.e4 d6 2.d4 Nf6 3.Nc3 e5 4.dxe5 dxe5 5.Qxd8+ Kxd8 6.Bc4 Bb4 7.Bxf7 Rf8 8.Bb3
Nxe4 9.Nge2 Rxf2 10.a3 Ba5 11.Ng3 Nxg3 12.hxg3 Rf8 13.Bg5+ Ke8 14.O-O-O Nc6
15.Rxh7 Bg4 16.Rdh1 Kd7 17.Rxg7+ Kc8 18.Be3 Bd7 19.Rhh7 Be8 20.Be6+ Kb8 21.b4

[Event "Bundesliga B Mitte 2008/2009"]
[Site "Fuerstenfeld"]
[Date "2009.03.28"]
[Round "10"]
[Board "3"]
[White "Gostisa, Leon"]
[Black "Jovanovic, Zoran"]
[Result "1/2-1/2"]
[WhiteElo "2413"]
[BlackElo "2558"]
[PlyCount "75"]
[EventDate "2008.10.11"]
[EventType "team"]
[EventRounds "11"]
[EventCountry "AUT"]
[WhiteTeam "SV Raika Rapid Feffernitz"]
[BlackTeam "ZH- Technologies Wolfsberg"]

1.d4 d6 2.Nf3 g6 3.g3 Bg7 4.Bg2 c5 5.d5 b5 6.e4 Nf6 7.e5 dxe5 8.Nxe5 Bb7 9.c4
bxc4 10.Nc3 O-O 11.O-O Ne8 12.Re1 Nd6 13.Nc6 Bxc6 14.dxc6 Na6 15.Bg5 Re8 16.Nd5
Bf8 17.c7 Nxc7 18.Nxc7 Qxc7 19.Bxa8 Rxa8 20.Bf4 Qb7 21.Qe2 Nf5 22.Qe4 Qxe4
23.Rxe4 Nd4 24.Rc1 g5 25.Be5 f5 26.Re3 g4 27.Rxc4 Nf3+ 28.Kg2 e6 29.Bc3 Rd8
30.h3 h5 31.hxg4 hxg4 32.Kf1 e5 33.Rxe5 Nxe5 34.Bxe5 Kf7 35.Ra4 Ke6 36.Bc3 Rd7
37.Ra6+ Bd6 38.b3

[Event "Bundesliga B Mitte 2008/2009"]
[Site "Fuerstenfeld"]
[Date "2009.03.28"]
[Round "10"]
[Board "4"]
[White "Kaspret, Guido"]
[Black "Jeric, Simon"]
[Result "1-0"]
[WhiteElo "2338"]
[BlackElo "2279"]
[PlyCount "53"]
[EventDate "2008.10.11"]
[EventType "team"]
[EventRounds "11"]
[EventCountry "AUT"]
[WhiteTeam "ZH- Technologies Wolfsberg"]
[BlackTeam "SV Raika Rapid Feffernitz"]

1.c4 e5 2.Nc3 Nf6 3.Nf3 d6 4.d4 e4 5.Nd2 Bf5 6.e3 c6 7.Qb3 Qd7 8.f3 exf3 9.gxf3
d5 10.Be2 Be7 11.Nf1 O-O 12.Ng3 dxc4 13.Bxc4 b5 14.Be2 b4 15.Na4 Bh3 16.Bd2 Qb7
17.e4 Nbd7 18.Rc1 a5 19.Be3 Rac8 20.Kf2 Be6 21.Bc4 Bxc4 22.Qxc4 g6 23.Bh6 Rfe8
24.h4 c5 25.e5 Nd5 26.Nf5 cxd4 27.Qxd5

[Event "Bundesliga B Mitte 2008/2009"]
[Site "Fuerstenfeld"]
[Date "2009.03.28"]
[Round "10"]
[Board "5"]
[White "Reiss, Georg"]
[Black "Wegerer, Fred"]
[Result "0-1"]
[WhiteElo "2131"]
[BlackElo "2239"]
[PlyCount "102"]
[EventDate "2008.10.11"]
[EventType "team"]
[EventRounds "11"]
[EventCountry "AUT"]
[WhiteTeam "SV Raika Rapid Feffernitz"]
[BlackTeam "ZH- Technologies Wolfsberg"]

1.d4 Nf6 2.c4 e6 3.Nc3 Bb4 4.Bg5 h6 5.Bh4 c5 6.d5 e5 7.e3 Bxc3+ 8.bxc3 Qa5 9.Qc2
g5 10.Bg3 d6 11.Bd3 Nbd7 12.Nf3 Nh5 13.Nd2 Ndf6 14.Rb1 Qc7 15.Bf5 Bd7 16.a4 Kf8
17.O-O Kg7 18.Rb2 Rab8 19.Rfb1 Rhe8 20.Bxd7 Qxd7 21.e4 Re7 22.Rb5 Nf4 23.Re1 Kh7
24.Nf3 N6h5 25.Rb2 Qg4 26.Qd1 Rg8 27.Ra2 Qc8 28.Qc2 f6 29.Rb2 Rf7 30.Nd2 Ng7
31.Nf1 Ng6 32.Ne3 Rc7 33.Kf1 h5 34.f3 Nf4 35.Bxf4 gxf4 36.Nd1 Qe8 37.Ra2 Qg6
38.Qf2 Qg5 39.Nb2 h4 40.h3 Nh5 41.Nd3 Kh8 42.Kg1 Ng3 43.Kh2 Rcg7 44.Qg1 f5
45.Qf2 fxe4 46.fxe4 Nh5 47.Qf3 Qg3+ 48.Qxg3 Rxg3 49.Rd2 f3 50.gxf3 Rxf3 51.Ree2
Ng3

[Event "Bundesliga B Mitte 2008/2009"]
[Site "Fuerstenfeld"]
[Date "2009.03.28"]
[Round "10"]
[Board "6"]
[White "Waldmann, Gerald"]
[Black "Arztmann, Wolfgang"]
[Result "1/2-1/2"]
[WhiteElo "2188"]
[BlackElo "2122"]
[PlyCount "44"]
[EventDate "2008.10.11"]
[EventType "team"]
[EventRounds "11"]
[EventCountry "AUT"]
[WhiteTeam "ZH- Technologies Wolfsberg"]
[BlackTeam "SV Raika Rapid Feffernitz"]

1.e4 e6 2.d4 d5 3.Nd2 Nf6 4.e5 Nfd7 5.Bd3 c5 6.c3 Nc6 7.Ne2 cxd4 8.cxd4 f6 9.Nf4
Nxd4 10.Qh5+ Ke7 11.exf6+ Nxf6 12.Ng6+ hxg6 13.Qxh8 Kf7 14.Qh4 e5 15.Nf3 Nxf3+
16.gxf3 Bf5 17.Bxf5 gxf5 18.Bg5 Rc8 19.Qa4 Qb6 20.Bxf6 Kxf6 21.O-O Rc4 22.Qd7
Qc6

[Event "Bundesliga B Mitte 2008/2009"]
[Site "Fuerstenfeld"]
[Date "2009.03.28"]
[Round "10"]
[Board "1"]
[White "Mohr, Georg"]
[Black "Horvath, Peter"]
[Result "1/2-1/2"]
[WhiteElo "2488"]
[BlackElo "2445"]
[PlyCount "39"]
[EventDate "2008.10.11"]
[EventType "team"]
[EventRounds "11"]
[EventCountry "AUT"]
[WhiteTeam "Strassenbahn Graz"]
[BlackTeam "SK Leoben"]

1.e4 c5 2.Nf3 Nc6 3.d4 cxd4 4.Nxd4 Nf6 5.Nc3 e5 6.Ndb5 d6 7.Bg5 a6 8.Na3 b5
9.Nd5 Be7 10.Bxf6 Bxf6 11.c4 b4 12.Nc2 a5 13.g3 Bg5 14.Bg2 O-O 15.h4 Bh6 16.Qd3
Ne7 17.Nde3 Bxe3 18.Nxe3 Qc7 19.O-O Be6 20.Rfd1

[Event "Bundesliga B Mitte 2008/2009"]
[Site "Fuerstenfeld"]
[Date "2009.03.28"]
[Round "10"]
[Board "2"]
[White "Bokros, Albert"]
[Black "Grunberg, Mihai-Lucian"]
[Result "0-1"]
[WhiteElo "2475"]
[BlackElo "2411"]
[PlyCount "96"]
[EventDate "2008.10.11"]
[EventType "team"]
[EventRounds "11"]
[EventCountry "AUT"]
[WhiteTeam "SK Leoben"]
[BlackTeam "Strassenbahn Graz"]

1.e4 Nf6 2.e5 Nd5 3.d4 d6 4.Nf3 c6 5.Be2 dxe5 6.Nxe5 Nd7 7.Nf3 g6 8.O-O Bg7 9.c4
Nc7 10.Nc3 O-O 11.Bf4 Nf6 12.h3 Nh5 13.Be3 Ne6 14.Qd2 Qc7 15.Rfd1 Rd8 16.Qe1
Nef4 17.Bf1 h6 18.Ne5 Ne6 19.Rac1 g5 20.Nf3 Nef4 21.Nh2 Ng6 22.d5 Nhf4 23.Bd4
Bxd4 24.Rxd4 Bf5 25.Ng4 Bxg4 26.hxg4 cxd5 27.cxd5 Rac8 28.Rcd1 Qd7 29.f3 Qc7
30.Qe3 Qb6 31.g3 Nxd5 32.Nxd5 Rxd5 33.Qf2 Rxd4 34.Rxd4 Ne5 35.Kg2 Rc1 36.Rd2 Qc6
37.Be2 Nxg4 38.Qxa7 Rc2 39.Qd4 Rxd2 40.Qxd2 e5 41.b4 Nf6 42.Qe3 Qd5 43.a4 Ne8
44.a5 Nc7 45.Qe4 Qd2 46.Kh3 Ne6 47.Bc4 g4+ 48.Kxg4 h5+

[Event "Bundesliga B Mitte 2008/2009"]
[Site "Fuerstenfeld"]
[Date "2009.03.28"]
[Round "10"]
[Board "3"]
[White "Butunoi, Alexandru"]
[Black "Doric, Darko"]
[Result "0-1"]
[WhiteElo "2402"]
[BlackElo "2477"]
[PlyCount "74"]
[EventDate "2008.10.11"]
[EventType "team"]
[EventRounds "11"]
[EventCountry "AUT"]
[WhiteTeam "Strassenbahn Graz"]
[BlackTeam "SK Leoben"]

1.e4 c6 2.d4 d5 3.e5 c5 4.Nf3 Bg4 5.dxc5 Nc6 6.Bb5 Qa5+ 7.Nc3 e6 8.Be3 Nge7 9.a3
O-O-O 10.b4 Bxf3 11.gxf3 Qc7 12.Bxc6 Nxc6 13.Bd4 a6 14.f4 f6 15.exf6 gxf6
16.Bxf6 Bg7 17.Bxg7 Qxg7 18.Qd2 d4 19.Ne4 Qg2 20.Ng3 Qf3 21.O-O Rdg8 22.Qd3 Qxf4
23.Rae1 h5 24.Re4 Qf6 25.Kh1 Rh6 26.f4 h4 27.Ne2 Qg7 28.Qh3 Kb8 29.Rg1 Rg6
30.Rxg6 Qxg6 31.f5 exf5 32.Rxh4 Qe6 33.Ng3 Ne5 34.Rf4 Ng4 35.Qh7 Qe1+ 36.Kg2
Ne3+ 37.Kh3 Rxg3+

[Event "Bundesliga B Mitte 2008/2009"]
[Site "Fuerstenfeld"]
[Date "2009.03.28"]
[Round "10"]
[Board "4"]
[White "Bachler, Reinhard"]
[Black "Supancic, Darko"]
[Result "1/2-1/2"]
[WhiteElo "2241"]
[BlackElo "2377"]
[PlyCount "42"]
[EventDate "2008.10.11"]
[EventType "team"]
[EventRounds "11"]
[EventCountry "AUT"]
[WhiteTeam "SK Leoben"]
[BlackTeam "Strassenbahn Graz"]

1.f4 d5 2.Nf3 g6 3.d3 Bg7 4.c3 Nc6 5.e4 dxe4 6.dxe4 Qxd1+ 7.Kxd1 Nf6 8.Bd3 e5
9.h3 Nh5 10.Nxe5 Nxf4 11.Bxf4 Nxe5 12.Bxe5 Bxe5 13.Rf1 Be6 14.Kc2 O-O-O 15.Na3
Rhe8 16.Bc4 Rd7 17.Bxe6 Rxe6 18.Rad1 Rde7 19.Rf3 Bg7 20.Rfd3 Re8 21.Rd7 R6e7

[Event "Bundesliga B Mitte 2008/2009"]
[Site "Fuerstenfeld"]
[Date "2009.03.28"]
[Round "10"]
[Board "5"]
[White "Pesorda, Ivan"]
[Black "Binder, Michael"]
[Result "1/2-1/2"]
[WhiteElo "2270"]
[BlackElo "2170"]
[PlyCount "97"]
[EventDate "2008.10.11"]
[EventType "team"]
[EventRounds "11"]
[EventCountry "AUT"]
[WhiteTeam "Strassenbahn Graz"]
[BlackTeam "SK Leoben"]

1.d4 Nf6 2.c4 e6 3.Nc3 Bb4 4.Qc2 O-O 5.Nf3 c5 6.dxc5 Bxc5 7.Bg5 Nc6 8.e3 b6
9.Be2 Bb7 10.O-O Be7 11.Rfd1 Rc8 12.Nb5 d5 13.Qa4 a6 14.Nc3 Na5 15.cxd5 exd5
16.Qf4 Nc4 17.b3 Nd6 18.Rac1 Nfe4 19.Bxe7 Nxc3 20.Rxc3 Qxe7 21.Rdc1 Ne4 22.Rc7
Qd6 23.Qxd6 Nxd6 24.h4 Rfd8 25.Nd4 Ne8 26.Rxc8 Rxc8 27.Rxc8 Bxc8 28.Nc6 Kf8
29.b4 Nc7 30.Bd3 h6 31.Kf1 Bb7 32.Nd4 g6 33.Ke2 h5 34.g3 Ke7 35.Kd2 Kd6 36.Kc3
Bc8 37.f4 Bd7 38.Be2 Be8 39.f5 Ke5 40.fxg6 fxg6 41.Bd3 Kf6 42.Ne2 Nb5+ 43.Kd2 a5
44.bxa5 bxa5 45.Nf4 d4 46.Nd5+ Ke5 47.Nf4 Kf6 48.Nd5+ Ke5 49.Nf4

[Event "Bundesliga B Mitte 2008/2009"]
[Site "Fuerstenfeld"]
[Date "2009.03.28"]
[Round "10"]
[Board "6"]
[White "Sachsenhofer, Michael"]
[Black "Kastner, Walter"]
[Result "0-1"]
[WhiteElo "2113"]
[BlackElo "2225"]
[PlyCount "70"]
[EventDate "2008.10.11"]
[EventType "team"]
[EventRounds "11"]
[EventCountry "AUT"]
[WhiteTeam "SK Leoben"]
[BlackTeam "Strassenbahn Graz"]

1.e4 e5 2.Nf3 Nf6 3.Nxe5 d6 4.Nf3 Nxe4 5.d3 Nf6 6.d4 g6 7.Bd3 Bg7 8.O-O O-O
9.Bg5 Nc6 10.c3 Ne7 11.Nbd2 h6 12.Bxf6 Bxf6 13.Nc4 b5 14.Ne3 Rb8 15.Nd2 Bg7
16.Qf3 c6 17.Qg3 Be6 18.f4 f5 19.h4 Rf6 20.h5 Qf8 21.hxg6 Rxg6 22.Qh3 Qf6 23.Nf3
Rg4 24.Qh2 b4 25.Nxg4 fxg4 26.Nh4 bxc3 27.bxc3 Nd5 28.f5 Bf7 29.Rac1 Nxc3
30.Rxc3 Qxd4+ 31.Kh1 Be5 32.Nf3 gxf3 33.Qxh6 fxg2+ 34.Kxg2 Qg4+ 35.Kf2 Bxc3

[Event "Bundesliga B Mitte 2008/2009"]
[Site "Fuerstenfeld"]
[Date "2009.03.28"]
[Round "10"]
[Board "1"]
[White "Haba, Petr"]
[Black "Skoberne, Jure"]
[Result "1-0"]
[WhiteElo "2547"]
[BlackElo "2489"]
[PlyCount "79"]
[EventDate "2008.10.11"]
[EventType "team"]
[EventRounds "11"]
[EventCountry "AUT"]
[WhiteTeam "Schachgemeinschaft Voecklabruck"]
[BlackTeam "ESV Austria Graz"]

1.e4 c5 2.Nf3 Nc6 3.d4 cxd4 4.Nxd4 Nf6 5.Nc3 e5 6.Ndb5 d6 7.Bg5 a6 8.Na3 b5
9.Nd5 Be7 10.Bxf6 Bxf6 11.c3 Bb7 12.Nc2 Ne7 13.Nxf6+ gxf6 14.Bd3 d5 15.exd5 Qxd5
16.Ne3 Qe6 17.Qh5 O-O-O 18.Bc2 Kb8 19.Bb3 Qc6 20.Qxf7 Ng6 21.O-O Nf4 22.Qg7 Rhe8
23.Rfd1 Nd3 24.Rd2 Rd7 25.Qg4 e4 26.Qg3+ Ka8 27.a4 Nc1 28.axb5 Qc5 29.bxa6 Bc6
30.Rxc1 Rxd2 31.Bf7 Rb8 32.b3 Rd3 33.Bc4 Qa3 34.Rf1 Rd7 35.Qg4 Qa5 36.Qe6 Qc5
37.Qxf6 Bb5 38.b4 Qc6 39.Qxc6+ Bxc6 40.Rb1